000 00812nam a2200253Ia 4500
003 OSt
005 20221007125019.0
006 a|||||r|||| 00| 0
007 ta
008 221006b |||||||| |||| 00| 0 eng d
020 _a 0387564705 (Berlin)
020 _a30540-5647-5 (New York)
024 _a2337
037 _cTextual
040 _aCDL
_cCDL
_beng
041 _2eng
_aeng
082 _aE191:2216, N3
100 _aGonzalez-Moraga Guillermo
_9721317
245 0 _aCluster chemistry:Introduction to the chemistry of transition metal and main group element molecular clusters by Guillermo gonzales-morage
260 _aBerlin
_bSpringer-Verlag
_c1993
300 _a302p
_ccm.
942 _hE191:2216, N3
_cTEXL
_2CC
999 _c1214506
_d1214506